000
00306nam a2200133Ia 4500
008
231129s1974||||xx |||||||||||||| ||spa||
040
_b
spa
082
_a
938 D328hi
100
_a
Dekonski A.
245
0
_a
Historia de la antiguedad : Grecia
260
_c
1974
264
_a
Grijalbo
942
_2
ddc
_c
BKS
999
_c
15088
_d
15088